000
00310nam a22001337a 4500
003
SGT
082
_a
616.024
_b
H13M
100
_a
MASTER, FAROKH.J.
245
_a
HOW TO BEST USE BOGER AND BOENNIGHAUSEN- REPERTORY
260
_a
INDIA
_b
B.JAIN
_c
2013
300
_a
108
650
_a
HOMEOPATHIC
942
_2
ddc
_c
BK
999
_c
20409
_d
20409